| Tag |
First Indicator |
Second Indicator |
Subfields |
| LEADER |
00000cam a2200000Ii 4500 |
| 001 |
in00004165921 |
| 008 |
190926t20202020enka b 001 0 eng d |
| 005 |
20250318222515.2 |
| 020 |
|
|
|a 9781138067455
|
| 020 |
|
|
|a 1138067458
|q hardcover
|
| 035 |
|
|
|a (OCoLC)on1120784903
|
| 035 |
|
|
|a (OCoLC)1120784903
|
| 040 |
|
|
|a YDX
|b eng
|e rda
|c YDX
|d CDX
|d YDXIT
|d UtOrBLW
|
| 050 |
|
4 |
|a P128.C68
|b T46 2020
|
| 082 |
0 |
4 |
|a 410.1/88
|2 23
|
| 100 |
1 |
|
|a Thompson, Paul,
|e author.
|0 http://id.loc.gov/authorities/names/n82217767
|
| 245 |
1 |
0 |
|a Interdisciplinary research discourse :
|b corpus investigations into environment journals /
|c Paul Thompson and Susan Hunston.
|
| 264 |
|
1 |
|a London ;
|a New York :
|b Routledge, Taylor & Francis Group,
|c 2020.
|
| 264 |
|
4 |
|c ©2020
|
| 300 |
|
|
|a xi, 265 pages :
|b illustrations ;
|c 25 cm.
|
| 336 |
|
|
|a text
|b txt
|2 rdacontent
|
| 337 |
|
|
|a unmediated
|b n
|2 rdamedia
|
| 338 |
|
|
|a volume
|b nc
|2 rdacarrier
|
| 490 |
1 |
|
|a Routledge applied corpus linguistics
|
| 504 |
|
|
|a Includes bibliographical references (pages 251-259) and index.
|
| 650 |
|
0 |
|a Corpora (Linguistics)
|0 http://id.loc.gov/authorities/subjects/sh2006006393
|
| 650 |
|
0 |
|a Environmental sciences
|v Periodicals.
|0 http://id.loc.gov/authorities/subjects/sh2008102499
|
| 700 |
1 |
|
|a Hunston, Susan,
|d 1953-
|e author.
|0 http://id.loc.gov/authorities/names/n98045895
|
| 830 |
|
0 |
|a Routledge applied corpus linguistics series.
|0 http://id.loc.gov/authorities/names/n2015180899
|
| 852 |
8 |
|
|b pda,print
|z This title is available for the library to purchase for your use. Click the "Purchase It For Me" button to place a request. This item may take 5-10 business days to arrive.
|
| 955 |
|
|
|a Print PDA title
|
| 961 |
|
|
|m 565730
|
| 999 |
f |
f |
|s 04fdd049-670b-40bb-9a5f-e47e2fae71b2
|i ef88d15c-3640-3274-96c8-a70b17f04bef
|t 0
|
| 952 |
f |
f |
|a Texas A&M University
|b College Station
|c Sterling C. Evans Library
|d Purchase on Demand
|t 0
|e P128.C68 T46 2020
|h Library of Congress classification
|
| 998 |
f |
f |
|a P128.C68 T46 2020
|t 0
|l Purchase on Demand
|